<?xml version="1.0" encoding="UTF-8"?>
<collection xmlns="http://www.loc.gov/MARC21/slim">
 <record>
  <leader>01620nam a2200205   4500</leader>
  <controlfield tag="001">1/26553</controlfield>
  <controlfield tag="008">070605s1994    lu           n000 0 gre d</controlfield>
  <datafield tag="020" ind1=" " ind2=" ">
   <subfield code="a">928267018Χ</subfield>
  </datafield>
  <datafield tag="035" ind1=" " ind2=" ">
   <subfield code="l">28391</subfield>
  </datafield>
  <datafield tag="082" ind1="0" ind2="0">
   <subfield code="a">ΚΕΤ 370.113'094 ΕΠΑ</subfield>
  </datafield>
  <datafield tag="245" ind1="0" ind2="0">
   <subfield code="a">Επαγγελματική κατάρτιση στην Ευρωπαϊκή Κοινότητα:</subfield>
   <subfield code="b">προκλήσεις και μελλοντική εμβέλεια. Η συνέχεια που δόθηκε στο υπόμνημα της Επιτροπής για την επαγγελματική κατάρτιση στην Ευρωπαϊκή Κοινότητα στη δεκαετία του 90/</subfield>
   <subfield code="c">Επιτροπή των Ευρωπαϊκών Κοινοτήτων</subfield>
  </datafield>
  <datafield tag="260" ind1=" " ind2=" ">
   <subfield code="a">Λουξεμβούργο:</subfield>
   <subfield code="b">Υπηρεσία επισήμων εκδόσεων των Ευρωπαικών κοινοτήτων,</subfield>
   <subfield code="c">1994</subfield>
  </datafield>
  <datafield tag="300" ind1=" " ind2=" ">
   <subfield code="a">65 σ.;</subfield>
   <subfield code="c">30 εκ.</subfield>
  </datafield>
  <datafield tag="490" ind1="1" ind2=" ">
   <subfield code="a">Εκπαίδευση, κατάρτιση, νεότητα ;</subfield>
  </datafield>
  <datafield tag="650" ind1=" " ind2="4">
   <subfield code="a">Εκπαίδευση</subfield>
   <subfield code="z">Ευρωπαϊκή Ενωση.</subfield>
  </datafield>
  <datafield tag="650" ind1=" " ind2="4">
   <subfield code="a">Επαγγελματική κατάρτιση</subfield>
   <subfield code="x">Ευρωπαϊκή Ένωση, Χώρες της.</subfield>
  </datafield>
  <datafield tag="650" ind1=" " ind2="4">
   <subfield code="a">Επαγγελματική κατάρτιση</subfield>
   <subfield code="x">Πολιτική</subfield>
   <subfield code="x">Ευρωπαϊκή Ένωση.</subfield>
  </datafield>
  <datafield tag="710" ind1="2" ind2="0">
   <subfield code="a">Ευρωπαϊκή Επιτροπή</subfield>
   <subfield code="b">Γενική Διεύθυνση Διεύρυνσης.</subfield>
  </datafield>
  <datafield tag="830" ind1=" " ind2=" ">
   <subfield code="a">Εκπαίδευση, κατάρτιση, νεότητα ;</subfield>
   <subfield code="v">3</subfield>
  </datafield>
  <datafield tag="852" ind1=" " ind2=" ">
   <subfield code="a">INST</subfield>
   <subfield code="b">UNIPILB</subfield>
   <subfield code="c">KET</subfield>
   <subfield code="e">20050607</subfield>
   <subfield code="h">ΚΕΤ 370.113'094 ΕΠΑ</subfield>
   <subfield code="p">00144835</subfield>
   <subfield code="q">00144835</subfield>
   <subfield code="t">LOAN</subfield>
   <subfield code="y">0</subfield>
   <subfield code="4">1</subfield>
  </datafield>
 </record>
</collection>
